000 00299nam a22001337a 4500
008 180306b xxu||||| |||| 00| 0 eng d
020 _a9781551107523
041 _aeng
080 _a612.39
100 _a10
101 _aNUT
245 _aThe essentials vegetarian cookbook
_cCo
942 _2udc
_cBK
999 _c44233
_d44233